00397 2200169 4500001002100000005001500021008004100036020002200077035001900099041000700118082000900125090001600134100001500150245002800165260001900193650001500212INLIS00000000001110620241224114124241224||||||||| | ||| |||| || |  a978-602-8275-29-3 0010-1224011106 aid0 aNONE aFIKSI AUN k0 aAuntie Owl00aKupu-kupu (Butterflies) bRajawali Cilik 0afiksi anak